000
00340nam a2200145Ia 4500
008
191201s2009 xx 000 0 und d
082
_a
003.3
_b
DES
100
_a
DEO, Nar Singh
245
0
_a
System Simulation with Digital Computer
250
_a
22th
260
_a
N.Delhi
_b
PHI
_c
2009
300
_a
200
650
_a
MCA
942
_2
ddc
_c
BK
999
_c
4186
_d
4186